CATÁLOGO PÚBLICO DE LA BIBLIOTECA OSCAR VARSAVSKY

Mecanismo de transmisión del mercado hipotecario al mercado de la vivienda en Venezuela. (Registro nro. 12787)

Detalles MARC
000 -CABECERA
campo de control de longitud fija 00539nam a22001697a 4500
003 - IDENTIFICADOR DEL NÚMERO DE CONTROL
campo de control OSt
005 - FECHA Y HORA DE LA ÚLTIMA TRANSACCIÓN
campo de control 20190124100943.0
008 - DATOS DE LONGITUD FIJA--INFORMACIÓN GENERAL
campo de control de longitud fija 190124b xxu||||| |||| 00| 0 eng d
020 ## - NÚMERO INTERNACIONAL ESTÁNDAR DEL LIBRO
Número Internacional Estándar del Libro 9800014063
040 ## - FUENTE DE LA CATALOGACIÓN
Centro catalogador/agencia de origen Biblioteca Nacional.
Lengua de catalogación spa
Centro/agencia transcriptor FEVP
082 ## - NÚMERO DE LA CLASIFICACIÓN DECIMAL DEWEY
Número de clasificación 332.7220987 Cutter L428
100 ## - ENTRADA PRINCIPAL--NOMBRE DE PERSONA
Nombre de persona Layrisse de Nicolescu, Irene.
245 ## - MENCIÓN DE TÍTULO
Título Mecanismo de transmisión del mercado hipotecario al mercado de la vivienda en Venezuela.
260 ## - PUBLICACIÓN, DISTRIBUCIÓN, ETC.
Lugar de publicación, distribución, etc. Caracas, Venezuela.
Nombre del editor, distribuidor, etc. Instituto de Urbanismo-UCV
Fecha de publicación, distribución, etc. 1998
300 ## - DESCRIPCIÓN FÍSICA
Extensión 130 pp.
942 ## - ELEMENTOS DE PUNTO DE ACCESO ADICIONAL (KOHA)
Fuente del sistema de clasificación o colocación Dewey Decimal Classification
Tipo de ítem Koha Libro

No hay ítems disponibles.